[Event "Stay Safe Play From Home 340"]
[Site "Emanuel Lasker Arena"]
[Date "2020.07.29"]
[Round "5"]
[White "Padmaesh M K"]
[Black "Lamborghini"]
[Result "0-1"]
[WhiteElo "1717"]
[BlackElo "2246"]
[Annotator "TA"]
[PlyCount "76"]
[EventDate "2020.07.29"]
[EventType "swiss (blitz)"]

{[%evp 16,76,42,9,83,25,0,-14,0,0,9,0,0,-23,-22,-108,-59,-51,-56,-53,-29,-27,-22,-42,-30,-35,-35,-49,-54,-53,0,-100,-18,-242,-256,-220,0,0,56,-204,25,44,24,10,18,10,14,0,33,0,87,0,0,-81,-81,-247,56,-425,-409,-387,0,-75,-75]} 1. d4 Nf6 2. c4 g6 3. Nc3 Bg7 4. Nf3 O-O 5. e4 d6 6. Be2 Bg4 7. h3 Bxf3 8. Bxf3 Nfd7 9. O-O c5 {E91: King's Indian: Classical: 6 Be2, unusual replies including 6...c5 and 6...Bg4.} (9... Nc6 $11) 10. Be3 (10. d5 $1 $16) 10... Nc6 {[%cal Rc5d4]} 11. Ne2 Qb6 {[%cal Rc5d4] The position is equal.} 12. dxc5 Nxc5 13. Rb1 a5 {[#]} 14. a3 $146 {And now b4! would win.} ({Predecessor:} 14. b3 Rfc8 15. Nf4 Ne5 16. Nd5 Qd8 17. Bxc5 dxc5 18. Be2 e6 19. Ne3 Nc6 20. Qxd8+ Rxd8 {0-1 (38) Johansson,E (1943)-Alvir,A (2357) Molnlycke 2015}) 14... a4 15. Qc2 (15. Nc3 $11) 15... Rfc8 16. Nc3 Qb3 17. Qxb3 Nxb3 18. Nd5 Ra6 19. Bd1 Nc5 20. Bxc5 dxc5 21. Bg4 e6 $36 {[%mdl 2048] Black has some pressure.} 22. Nc3 Ne5 (22... Na5 $15) 23. Bd1 (23. Be2 $11) 23... Rca8 (23... Nxc4 $17 {...Nd2 is the strong threat.} 24. Be2 b5 $1 {[%mdl 512]}) 24. f4 $2 (24. Be2 $11 {and White stays safe.}) 24... Nxc4 $19 25. Be2 Bxc3 $2 (25... Bd4+ $19 26. Kh2 Nd2 {[%mdl 64] Double Attack} 27. Bxa6 Rxa6) 26. bxc3 $11 Nxa3 (26... b5 $11) 27. Bxa6 $4 {[%mdl 8192]} (27. Ra1 $1 $14 Nc2 28. Ra2) 27... Rxa6 $2 (27... Nxb1 $19 28. Bxb7 Nd2) 28. Rxb7 $19 {[%mdl 4096] Endgame Strongly threatening Rd1. KRR-KRN} Nc4 29. Rb8+ Kg7 30. Ra1 a3 31. Rbb1 Ra5 32. Rb3 f5 (32... a2 $11 {keeps the balance.}) 33. Kf2 (33. Rb7+ $16 Kf8 34. exf5 (34. Rxh7 Nd2 $14) 34... exf5 35. Kf2 (35. Rxh7 Nd2 $14)) 33... fxe4 $11 34. Rbb1 (34. Rb7+ $11 {remains equal.} Kf6 35. Rxh7) 34... Kf6 $17 35. Re1 $2 {[#]} (35. Ke2 $17) 35... a2 $2 (35... Kf5 $1 $19 36. g3 Rb5) 36. Kg3 $2 {[%mdl 8192]} (36. Rxe4 $14 {keeps the upper hand.} Nb2 37. g3) 36... e3 37. Re2 Ra3 $2 (37... Nd2 $19 {White must now prevent ...h5.} 38. h4 Kf5 39. Rxe3 Nb3) 38. Raxa2 (38. Rc2 $11) 38... Rxc3 {Accuracy: White = 42%, Black = 48%.} 0-1

[Event "Stay Safe Play From Home 340"]
[Site "Emanuel Lasker Arena"]
[Date "2020.07.29"]
[Round "5"]
[White "Edmatuag"]
[Black "Trotsky"]
[Result "1-0"]
[WhiteElo "1699"]
[BlackElo "1551"]
[Annotator "NA RC"]
[PlyCount "69"]
[EventDate "2020.07.29"]
[EventType "swiss (blitz)"]

1. d3 {[%emt 0:00:02]} d5 {[%emt 0:00:01]} 2. c3 {[%emt 0:00:00]} e6 {[%emt 0:00:00]} 3. Nd2 {[%emt 0:00:01]} c5 {[%emt 0:00:01]} 4. Qc2 {[%emt 0:00:00]} Nc6 {[%emt 0:00:01]} 5. g3 {[%emt 0:00:00]} Nf6 {[%emt 0:00:01]} 6. Bg2 {[%emt 0:00:00]} Bd6 {[%emt 0:00:01]} 7. e4 {[%emt 0:00:02]} Qc7 {[%emt 0:00:01]} 8. Ne2 {[%emt 0:00:01]} Bd7 {[%emt 0:00:02]} 9. f4 {[%emt 0:00:01]} O-O-O {[%emt 0:00:02]} 10. e5 {[%emt 0:00:01]} Nxe5 {[%emt 0:00:01]} 11. fxe5 {[%emt 0:00:01]} Bxe5 {[%emt 0:00:01]} 12. Nf3 {[%emt 0:00:01]} h5 {[%emt 0:00:01]} 13. Nxe5 {[%emt 0:00:01]} Ng4 {[%emt 0:00:03]} 14. Bd2 {[%emt 0:00:02]} Rdf8 {[%emt 0:00:02]} 15. Nxg4 {[%emt 0:00:00]} hxg4 {[%emt 0:00:01]} 16. Bf4 {[%emt 0:00:01]} e5 {[%emt 0:00:01]} 17. Bd2 {[%emt 0:00:01]} f5 {[%emt 0:00:01]} 18. O-O-O {[%emt 0:00:01]} Kb8 {[%emt 0:00:02]} 19. Bxd5 {[%emt 0:00:01]} Rc8 {[%emt 0:00:03]} 20. c4 {[%emt 0:00:01]} b5 {[%emt 0:00:03]} 21. Nc3 {[%emt 0:00:00]} b4 {[%emt 0:00:02]} 22. Nb5 {[%emt 0:00:01]} Qb6 {[%emt 0:00:02]} 23. a4 {[%emt 0:00:02]} a5 {[%emt 0:00:01]} 24. d4 {[%emt 0:00:03]} Bxb5 {[%emt 0:00:01]} 25. cxb5 {[%emt 0:00:02]} cxd4 {[%emt 0:00:01]} 26. Bc6 {[%emt 0:00:01]} Rc7 {[%emt 0:00:02]} 27. Kb1 {[%emt 0:00:01]} Rhc8 {[%emt 0:00:01]} 28. Rc1 {[%emt 0:00:00]} d3 {[%emt 0:00:01]} 29. Qxd3 {[%emt 0:00:01]} e4 {[%emt 0:00:05]} 30. Qe3 {[%emt 0:00:02]} Qxe3 {[%emt 0:00:02]} 31. Bxe3 {[%emt 0:00:00]} g6 {[%emt 0:00:05]} 32. Bf4 {[%emt 0:00:01]} Ka7 {[%emt 0:00:04]} 33. Bxc7 {[%emt 0:00:00]} Rxc7 {[%emt 0:00:01]} 34. Rhd1 {[%emt 0:00:03]} Kb6 {[%emt 0:00:01]} 35. Rd7 {[%emt 0:00:01] Âðåìÿ (Lag: Av=0.38s, max=0.8s) '} 1-0

[Event "Stay Safe Play From Home 340"]
[Site "Emanuel Lasker Arena"]
[Date "2020.07.29"]
[Round "5"]
[White "Mamba2001de"]
[Black "Klasman"]
[Result "1-0"]
[WhiteElo "1468"]
[BlackElo "1316"]
[Annotator "NA"]
[PlyCount "47"]
[EventDate "2020.07.29"]
[EventType "swiss (blitz)"]

1. e4 {[%emt 0:00:01]} f5 {[%emt 0:00:01]} 2. e5 {[%emt 0:00:01]} d6 {[%emt 0:00:01]} 3. Nf3 {[%emt 0:00:01]} dxe5 {[%emt 0:00:03]} 4. Nxe5 {[%emt 0:00:01]} Qd5 {[%emt 0:00:02]} 5. d4 {[%emt 0:00:02]} Nf6 {[%emt 0:00:04]} 6. c4 {[%emt 0:00:01]} Qe4+ {[%emt 0:00:05]} 7. Qe2 {[%emt 0:00:04]} Nc6 {[%emt 0:00:03]} 8. Qxe4 {[%emt 0:00:02]} fxe4 {[%emt 0:00:03]} 9. Nxc6 {[%emt 0:00:03]} bxc6 {[%emt 0:00:01]} 10. Be2 {[%emt 0:00:01]} Be6 {[%emt 0:00:02]} 11. Be3 {[%emt 0:00:01]} O-O-O {[%emt 0:00:02]} 12. Nc3 {[%emt 0:00:02]} a5 {[%emt 0:00:02]} 13. O-O-O {[%emt 0:00:01]} g6 {[%emt 0:00:01]} 14. Rd2 {[%emt 0:00:03]} Bg7 {[%emt 0:00:01]} 15. Rhd1 {[%emt 0:00:02]} Rd7 {[%emt 0:00:04]} 16. d5 {[%emt 0:00:01]} cxd5 {[%emt 0:00:02]} 17. cxd5 {[%emt 0:00:01]} Bf7 {[%emt 0:00:02]} 18. Bb5 {[%emt 0:00:18]} Rd6 {[%emt 0:00:03]} 19. Bc5 {[%emt 0:00:02]} Rhd8 {[%emt 0:00:04]} 20. Bxd6 {[%emt 0:00:01]} exd6 {[%emt 0:00:02]} 21. Be2 {[%emt 0:00:02]} Kd7 {[%emt 0:00:04]} 22. Nb5 {[%emt 0:00:01]} Rb8 {[%emt 0:00:02]} 23. a4 {[%emt 0:00:02]} Nxd5 {[%emt 0:00:03]} 24. Rc2 {[%emt 0:00:01] Time (Lag: Av=0.42s, max=0.5s)} 1-0

[Event "Stay Safe Play From Home 340"]
[Site "Emanuel Lasker Arena"]
[Date "2020.07.29"]
[Round "6"]
[White "AChessPlayer"]
[Black "Mepe_Nika"]
[Result "1-0"]
[WhiteElo "2348"]
[BlackElo "2464"]
[Annotator "TA"]
[PlyCount "93"]
[EventDate "2020.07.29"]
[EventType "swiss (blitz)"]

{[%evp 11,92,0,0,-13,-13,-37,-4,-5,25,25,26,28,25,29,24,33,30,21,33,25,43,27,42,6,10,0,169,0,603,-4,0,-4,0,-14,0,0,10,0,0,0,91,94,204,186,192,136,136,136,120,136,189,187,343,337,321,314,729,737,917,857,766,741,650,473,449,410,693,236,451,318,616,595,889,873,29989,29990,29994,29995,29995,29996,29996,29996,29999]} 1. Nf3 d5 2. g3 g6 3. Bg2 Bg7 4. O-O e5 5. c4 c6 6. cxd5 cxd5 7. d3 {A07: Réti Opening: New York and Capablanca Systems.} Ne7 8. e4 {has lost popularity (8.Nc3).} dxe4 9. dxe4 {[#] The position is equal.} Qxd1 $146 ({Predecessor:} 9... O-O 10. Nc3 Nbc6 11. Be3 Bg4 12. Qa4 Bxf3 13. Bxf3 Nd4 14. Bg2 Nec6 15. Rfd1 f5 16. exf5 Rxf5 {1-0 (60) Martins,D (1965)-Conde Riveiro,X (1594) Pontevedra 2018}) 10. Rxd1 Nbc6 11. Nc3 Bg4 12. h3 Bxf3 13. Bxf3 Nd4 14. Kg2 O-O 15. Be3 Rfd8 16. Bg5 Re8 17. Bxe7 Rxe7 18. Nd5 Ree8 $2 (18... Rd7 $1 $11) 19. Rdc1 $2 (19. Nc7 $18) 19... Rac8 $2 {[%mdl 8192]} (19... Red8 $11) 20. Nc7 $2 (20. Rxc8 $18 Rxc8 21. Ne7+ {[%mdl 64] Double Attack} Kf8 22. Nxc8) 20... Red8 21. Nd5 Bf8 22. Bg4 Rxc1 23. Rxc1 Nc6 24. Be2 Kg7 25. a3 {[%cal Ba2a3,Ba3b4,Bb4b5,Bb5b6,Bb6b7][%mdl 32]} a6 (25... Bd6 $11 {keeps the balance.}) 26. Bxa6 $1 $16 {[%mdl 64] Deflection} bxa6 (26... Nd4 $16) 27. Rxc6 {[%mdl 4096] Endgame KRB-KRN} a5 28. b4 (28. Ra6 $18) 28... axb4 29. axb4 {Threatens to win with b5.} Rb8 30. Rc4 Rb5 (30... h5 $16 31. Kf3 Bd6) 31. g4 $18 h5 $2 {[#]} (31... Bd6 {was called for.} 32. h4 Kf8) 32. g5 $1 Rb8 33. h4 Ra8 $2 (33... Bd6 34. Kf1 Kf8) 34. b5 Ra2 35. b6 Rb2 36. Rc7 Bd6 37. Rd7 Bc5 38. b7 Bxf2 {[#]} (38... Ba7 $142 39. Nf6 Kf8) 39. Kf3 $2 (39. b8=Q $1 {[%mdl 512]} Rxb8 40. Kxf2) 39... Ba7 $2 (39... Bxh4 40. Ne7 Rf2+ 41. Ke3 Rb2) 40. Nf6 {Threatening mate with Rd8.} Rb3+ $2 (40... Kf8 41. Kg3 Bf2+ 42. Kh3 Rb3+ 43. Kg2 Ba7) 41. Ke2 {White wants to mate with Rd8.} Rb2+ 42. Kd3 {Rd8 would kill now.} Rb3+ 43. Kc4 {White mates.} Rb1 44. Rd8 {[%csl Gf6][%cal Rd8g8]} Rc1+ 45. Kb3 {[%csl Gf6][%cal Rd8g8]} Rb1+ 46. Kc2 {[%csl Gf6][%cal Rd8g8]} Rb3 47. Rg8# {Accuracy: White = 71%, Black = 39%.} 1-0

[Event "Stay Safe Play From Home 340"]
[Site "Emanuel Lasker Arena"]
[Date "2020.07.29"]
[Round "6"]
[White "Lamborghini"]
[Black "Lazieri3"]
[Result "1-0"]
[WhiteElo "2248"]
[BlackElo "2123"]
[Annotator "TA"]
[PlyCount "113"]
[EventDate "2020.07.29"]
[EventType "swiss (blitz)"]

{[%evp 10,113,78,54,135,55,86,76,248,242,254,282,260,251,240,236,251,242,235,250,256,253,243,209,210,207,215,200,227,212,228,225,317,220,217,212,244,224,319,311,309,270,280,275,300,283,375,377,366,368,363,378,385,348,385,385,735,607,878,416,396,0,877,870,841,808,1324,1276,1929,1961,1843,1734,1574,1389,1550,1467,1527,1502,1301,1186,958,610,29991,29992,29991,29992,29993,29993,29996,29994,29994,29994,29994,29995,29995,29996,29996,29997,29997,29997,29997,29997,29997,29995,29995,29996]} 1. e4 c6 2. d4 d5 3. Nc3 dxe4 4. Nxe4 Nd7 5. Ng5 Ndf6 6. Bd3 h6 {[#] B17: Caro-Kann: Modern Line (4...Nd7).} (6... Bg4 $14 7. f3 Bh5) 7. N5f3 (7. Nxf7 $1 $16 Kxf7 8. Nf3) 7... Bg4 8. h3 {[#]} Bh5 $146 (8... Bf5 $16) ({Predecessor:} 8... Bxf3 9. Nxf3 e6 10. O-O Bd6 11. Re1 Nd7 12. c4 Ngf6 13. Bd2 O-O 14. Bc3 Qc7 {½-½ (44) Sizintsev,A (2150)-Zhadanov,V (2306) Moscow 2016}) 9. g4 $18 Bg6 10. Bxg6 fxg6 11. Qd3 Qd5 12. Qxg6+ Qf7 13. Qxf7+ Kxf7 14. Ne5+ Ke8 15. Ng6 Rh7 16. Bf4 e6 17. O-O-O Ne7 18. Ne5 Nd7 19. Ngf3 g5 20. Bg3 Bg7 (20... Nxe5 $142 21. Nxe5 Bg7) 21. Rhe1 {Threatens to win with Nc4.} Nxe5 22. Nxe5 Nd5 23. c4 Nf4 (23... Nb6 $142 24. b3 Nd7) 24. Bxf4 gxf4 25. Nf3 Kd7 26. Re4 Re8 27. Rxf4 Rf8 28. Rxf8 Bxf8 {[%mdl 4096] Endgame KRB-KRN} 29. Ne5+ Ke8 30. f4 Bd6 31. Kd2 Bxe5 32. dxe5 {KR-KR} ({Resist} 32. fxe5 Rf7 $18) 32... Ke7 $2 {[#]} (32... Rf7 33. Ke3 h5) 33. Ke3 Rf7 34. Rf1 (34. Ke4 $142 Rg7 35. f5) 34... Rf8 35. Rd1 $2 (35. h4) 35... Rf7 $1 36. Ke4 Rf8 37. b4 Rf7 38. f5 Rf8 39. f6+ Ke8 40. h4 Rg8 41. Rg1 Kf7 42. g5 hxg5 43. Rxg5 Rh8 44. Rg7+ Kf8 45. Rg4 Rxh4 46. Rxh4 {KR-KP. White mates.} c5 47. b5 b6 48. Rh7 a5 49. Rb7 Kg8 50. a4 Kf8 51. Kf4 Kg8 52. Kg5 Kf8 53. Kg6 {[%cal Rb7b8]} Ke8 54. Re7+ Kd8 55. Rxe6 Kd7 56. Rxb6 Kc7 57. Rd6 {Accuracy: White = 69%, Black = 34%.} 1-0

[Event "Stay Safe Play From Home 340"]
[Site "Emanuel Lasker Arena"]
[Date "2020.07.29"]
[Round "6"]
[White "Little champs"]
[Black "SoulofWolf"]
[Result "1-0"]
[WhiteElo "2206"]
[BlackElo "2112"]
[Annotator "TA"]
[PlyCount "85"]
[EventDate "2020.07.29"]
[EventType "swiss (blitz)"]

{[%evp 9,85,15,42,3,4,-3,8,6,6,0,95,95,91,90,107,93,107,46,55,56,95,74,72,0,14,0,475,478,464,465,698,683,665,669,658,639,702,617,617,593,572,572,577,576,581,581,632,628,641,640,643,617,760,723,771,753,853,841,876,873,868,860,875,843,896,893,1076,1076,29975,29976,29975,29969,29976,29978,29978,29978,29976,5798]} 1. d4 c5 2. e3 e6 3. Nf3 Nf6 4. Be2 a6 5. O-O b5 6. c4 {A46: 1 d4 Nf6 2 Nf3 e6: Torre, London and Colle Systems.} bxc4 7. Bxc4 Bb7 8. Nc3 {The position is equal.} d5 9. Be2 c4 {[#]} (9... Bd6 $11) 10. b3 $1 $16 {[#]} cxb3 $146 ({Predecessor:} 10... Qa5 11. Bd2 Bb4 12. Qc2 Ne4 13. Nxe4 dxe4 14. Bxb4 Qxb4 15. Ng5 cxb3 16. axb3 Bd5 17. Qc8+ {1-0 (17) Majer,J (2285)-Drab,T Brno 2006}) 11. Qxb3 Bc6 12. Ne5 $36 {[%mdl 2048] White is on the roll.} Bd6 13. Nxc6 (13. Ba3 $16) 13... Nxc6 $14 14. Qa4 Qd7 15. Rb1 {Strongly threatening Bb5!} ({Worse is} 15. Bxa6 O-O $17) 15... O-O 16. Rb6 (16. Bd2 $16) 16... Rfc8 17. Bd2 Ne4 $2 {[%mdl 8192] [#] Black is now going downhill.} (17... Bxh2+ $1 $11 {and Black has nothing to worry.} 18. Kh1 Bd6) 18. Nxe4 $18 dxe4 19. Rc1 Ne5 (19... Bxh2+ $142 20. Kh1 Ne5 21. Rxc8+ {[%mdl 64] Overworked Piece} Rxc8 22. Qxa6 Nd3 23. Kxh2 Nxf2) 20. Qxd7 Nxd7 21. Rxd6 Nf6 22. Rdc6 Rcb8 23. Ba5 Nd5 24. Bc4 Ne7 25. Rb6 Rc8 26. Rc2 Nd5 27. Rbb2 h6 28. Bxd5 Rxc2 29. Rxc2 exd5 {[%mdl 4096] Endgame KRB-KR} 30. a4 {[%cal Ba2a4,Ba4a5][%mdl 32]} Kh7 31. g3 Kg6 32. Bb6 Kf6 33. a5 Ke6 34. Rc6+ Kd7 35. Rc7+ Ke6 36. Kg2 g6 37. Ra7 Rc8 38. Rxa6 Rc2 39. Bc5+ {White mates.} Kd7 40. Ra8 Ke6 41. a6 Ra2 42. a7 Kf6 43. Rb8 {Accuracy: White = 84%, Black = 53%.} (43. Re8 $142 Rxa7 44. Bxa7 Kg7 45. Re5 Kh7 46. Rxd5 g5 47. Re5 Kg6 48. d5) 1-0

[Event "Stay Safe Play From Home 340"]
[Site "Emanuel Lasker Arena"]
[Date "2020.07.29"]
[Round "6"]
[White "Stefanone"]
[Black "Edmatuag"]
[Result "1-0"]
[WhiteElo "2037"]
[BlackElo "1710"]
[Annotator "TA"]
[PlyCount "65"]
[EventDate "2020.07.29"]
[EventType "swiss (blitz)"]

{[%evp 9,65,29,37,19,55,49,120,43,54,-12,-12,-12,-12,-99,-25,-538,-535,-555,-545,-647,-554,-537,441,464,1217,1206,1301,1224,1351,1242,1153,468,461,37,609,595,629,616,629,609,600,599,533,403,366,156,156,156,156,54,52,27,44,0,0,0,154,145]} 1. d4 d6 2. e3 c6 3. f4 Nd7 4. Nf3 Qc7 {[#]} 5. Bc4 $146 ({Predecessor:} 5. c3 e5 6. dxe5 dxe5 7. Bc4 b5 8. Bxf7+ Kxf7 9. Qb3+ Ke8 10. Ng5 Nc5 11. Qc2 {½-½ (21) Arguello Cardoni,C (1617)-Serra,M (1541) Tacuari 2018}) 5... g6 6. Qe2 {A41: 1 d4 d6: Tartakower System and Modern Defence.} Bg7 7. e4 e5 (7... b5 $14 8. Bd3 Bb7) 8. dxe5 (8. fxe5 $16 dxe5 9. O-O) 8... dxe5 $14 9. fxe5 (9. O-O $1 $14) 9... Nxe5 $11 10. Nxe5 Qxe5 11. g3 (11. Nd2 $11) 11... Be6 (11... Nf6 $17 {Threatens to win with ...0-0.} 12. Nc3 O-O) 12. O-O $2 {[%mdl 8192]} (12. Nc3 $11 {and White is okay.}) 12... Qc5+ $19 13. Be3 Qxc4 14. Qf2 Bxb2 15. Nd2 {[%cal Bb1d2,Bd2c4,Bc4d6][%mdl 32]} Bxa1 $4 {[%mdl 8192]} (15... Qxc2 $19 16. Rab1 O-O-O) 16. Nxc4 $18 Bg7 (16... Bxc4 $142 17. Rxa1 h5) 17. Nd6+ {[%mdl 64] [#] Double Attack} Kd7 18. Nxf7 Nf6 19. Nxh8 Bxh8 20. Bg5 (20. Qd2+ $142 Ke8 21. Qd6) 20... Nxe4 21. Qe1 $2 ({Better is} 21. Qe3 $18 Nxg5 22. Rd1+ {[%mdl 64] Zwischenzug} Ke8 23. Qxg5) 21... Bd4+ $2 {[%mdl 8192]} (21... Nxg5 $14 22. Qb4 (22. Qd2+ Bd5 $11) 22... Rb8) 22. Be3 Bxe3+ 23. Qxe3 Nd6 24. Rd1 Rd8 25. Qe5 Bd5 26. c4 Nxc4 27. Rxd5+ (27. Qg7+ $18 Kc8 28. Re1) 27... cxd5 $16 28. Qxd5+ $18 {KQ-KRN} Nd6 29. h4 ({White should try} 29. Qd4 $16) 29... Re8 30. g4 Re2 31. Qd3 Rxa2 32. Qb3 Ra6 $2 {[#]} (32... Re2 $11) 33. Qg8 $1 {Never resign too early! Accuracy: White = 31%, Black = 40%.} 1-0

[Event "Stay Safe Play From Home 340"]
[Site "Emanuel Lasker Arena"]
[Date "2020.07.29"]
[Round "6"]
[White "Padmaesh M K"]
[Black "buzaglo"]
[Result "1-0"]
[WhiteElo "1715"]
[BlackElo "1825"]
[Annotator "NA RC"]
[PlyCount "97"]
[EventDate "2020.07.29"]
[EventType "swiss (blitz)"]

1. d4 {[%emt 0:00:02]} e6 {[%emt 0:00:00]} 2. c4 {[%emt 0:00:03]} d5 {[%emt 0:00:00]} 3. Nc3 {[%emt 0:00:00]} dxc4 {[%emt 0:00:01]} 4. e3 {[%emt 0:00:02]} c5 {[%emt 0:00:01]} 5. Bxc4 {[%emt 0:00:01]} cxd4 {[%emt 0:00:00]} 6. exd4 {[%emt 0:00:01]} Nf6 {[%emt 0:00:00]} 7. Nf3 {[%emt 0:00:00]} Bb4 {[%emt 0:00:00]} 8. O-O {[%emt 0:00:02]} Bxc3 {[%emt 0:00:00]} 9. bxc3 {[%emt 0:00:00]} O-O {[%emt 0:00:00]} 10. Bd3 {[%emt 0:00:02]} Nc6 {[%emt 0:00:03]} 11. h4 {[%emt 0:00:00]} Ne7 {[%emt 0:00:01]} 12. Ng5 {[%emt 0:00:01]} h6 {[%emt 0:00:01]} 13. Ne4 {[%emt 0:00:01]} Nxe4 {[%emt 0:00:01]} 14. Bxe4 {[%emt 0:00:01]} f5 {[%emt 0:00:01]} 15. Bf3 {[%emt 0:00:01]} Ng6 {[%emt 0:00:01]} 16. g3 {[%emt 0:00:01]} Bd7 {[%emt 0:00:03]} 17. Be3 {[%emt 0:00:01]} Bc6 {[%emt 0:00:01]} 18. Bxc6 {[%emt 0:00:01]} bxc6 {[%emt 0:00:00]} 19. Qb3 {[%emt 0:00:00]} Qd6 {[%emt 0:00:02]} 20. c4 {[%emt 0:00:03]} e5 {[%emt 0:00:03]} 21. c5+ {[%emt 0:00:01]} Qd5 {[%emt 0:00:01]} 22. Qxd5+ {[%emt 0:00:03]} cxd5 {[%emt 0:00:00]} 23. Rad1 {[%emt 0:00:01]} e4 {[%emt 0:00:01]} 24. Rb1 {[%emt 0:00:04]} Rab8 {[%emt 0:00:01]} 25. Kg2 {[%emt 0:00:02]} Ne7 {[%emt 0:00:01]} 26. Bf4 {[%emt 0:00:02]} Rbc8 {[%emt 0:00:05]} 27. Bd6 {[%emt 0:00:01]} Rfe8 {[%emt 0:00:02]} 28. Rb7 {[%emt 0:00:01]} Nc6 {[%emt 0:00:03]} 29. Rd1 {[%emt 0:00:02]} a5 {[%emt 0:00:03]} 30. Rb5 {[%emt 0:00:01]} Kf7 {[%emt 0:00:04]} 31. a4 {[%emt 0:00:01]} Ke6 {[%emt 0:00:01]} 32. Rb7 {[%emt 0:00:01]} Ne7 {[%emt 0:00:04]} 33. Rb6 {[%emt 0:00:02]} Nc6 {[%emt 0:00:01]} 34. Rb7 {[%emt 0:00:01]} Ne7 {[%emt 0:00:02]} 35. Rdb1 {[%emt 0:00:01]} Rc6 {[%emt 0:00:04]} 36. R1b6 {[%emt 0:00:01]} Rxb6 {[%emt 0:00:01]} 37. Rxb6 {[%emt 0:00:00]} Rc8 {[%emt 0:00:03]} 38. Bxe7+ {[%emt 0:00:03]} Kxe7 {[%emt 0:00:00]} 39. Rb7+ {[%emt 0:00:00]} Kf6 {[%emt 0:00:01]} 40. Rb6+ {[%emt 0:00:00]} Kf7 {[%emt 0:00:01]} 41. Rb7+ {[%emt 0:00:00]} Kf6 {[%emt 0:00:01]} 42. Ra7 {[%emt 0:00:00]} Kg6 {[%emt 0:00:01]} 43. Rxa5 {[%emt 0:00:01]} Kh5 {[%emt 0:00:00]} 44. Ra6 {[%emt 0:00:00]} Kg4 {[%emt 0:00:00]} 45. Re6 {[%emt 0:00:02]} f4 {[%emt 0:00:00]} 46. Rg6+ {[%emt 0:00:01]} Kh5 {[%emt 0:00:01]} 47. Rxg7 {[%emt 0:00:00]} f3+ {[%emt 0:00:00]} 48. Kh3 {[%emt 0:00:01]} Rf8 {[%emt 0:00:00]} 49. g4# {[%emt 0:00:01] (Lag: Av=0.70s, max=1.2s)} 1-0

[Event "Stay Safe Play From Home 340"]
[Site "Emanuel Lasker Arena"]
[Date "2020.07.29"]
[Round "6"]
[White "Haris kollari 13"]
[Black "Mamba2001de"]
[Result "0-1"]
[WhiteElo "1640"]
[BlackElo "1478"]
[Annotator "NA"]
[PlyCount "94"]
[EventDate "2020.07.29"]
[EventType "swiss (blitz)"]

1. e4 {[%emt 0:00:01]} e6 {[%emt 0:00:01]} 2. f4 {[%emt 0:00:01]} d5 {[%emt 0:00:01]} 3. e5 {[%emt 0:00:00]} c5 {[%emt 0:00:01]} 4. d4 {[%emt 0:00:01]} Nc6 {[%emt 0:00:01]} 5. c3 {[%emt 0:00:01]} Qb6 {[%emt 0:00:01]} 6. Nf3 {[%emt 0:00:01]} Nge7 {[%emt 0:00:01]} 7. Be2 {[%emt 0:00:01]} Nf5 {[%emt 0:00:01]} 8. dxc5 {[%emt 0:00:01]} Bxc5 {[%emt 0:00:02]} 9. g4 {[%emt 0:00:01]} Bf2+ {[%emt 0:00:04]} 10. Kf1 {[%emt 0:00:01]} Ne3+ {[%emt 0:00:02]} 11. Bxe3 {[%emt 0:00:02]} Qxe3 {[%emt 0:00:01]} 12. Qd2 {[%emt 0:00:03]} Qxd2 {[%emt 0:00:02]} 13. Nbxd2 {[%emt 0:00:01]} Be3 {[%emt 0:00:02]} 14. Kg2 {[%emt 0:00:05]} Bd7 {[%emt 0:00:01]} 15. Bd3 {[%emt 0:00:03]} h6 {[%emt 0:00:03]} 16. Rae1 {[%emt 0:00:01]} Bb6 {[%emt 0:00:02]} 17. Nb3 {[%emt 0:00:03]} O-O-O {[%emt 0:00:01]} 18. Nbd4 {[%emt 0:00:01]} Nxd4 {[%emt 0:00:01]} 19. cxd4 {[%emt 0:00:01]} Kb8 {[%emt 0:00:00]} 20. Rc1 {[%emt 0:00:01]} Rc8 {[%emt 0:00:01]} 21. Rc3 {[%emt 0:00:01]} Rxc3 {[%emt 0:00:02]} 22. bxc3 {[%emt 0:00:01]} Rc8 {[%emt 0:00:00]} 23. Rc1 {[%emt 0:00:02]} Ba5 {[%emt 0:00:01]} 24. c4 {[%emt 0:00:02]} dxc4 {[%emt 0:00:01]} 25. Rxc4 {[%emt 0:00:01]} Rxc4 {[%emt 0:00:02]} 26. Bxc4 {[%emt 0:00:01]} b5 {[%emt 0:00:01]} 27. Bb3 {[%emt 0:00:01]} Bc6 {[%emt 0:00:01]} 28. Kf2 {[%emt 0:00:01]} Bc3 {[%emt 0:00:02]} 29. d5 {[%emt 0:00:04]} Bxd5 {[%emt 0:00:02]} 30. Bxd5 {[%emt 0:00:02]} exd5 {[%emt 0:00:01]} 31. Ke3 {[%emt 0:00:00]} d4+ {[%emt 0:00:02]} 32. Kd3 {[%emt 0:00:01]} Kc7 {[%emt 0:00:01]} 33. Nxd4 {[%emt 0:00:01]} Be1 {[%emt 0:00:01]} 34. Nxb5+ {[%emt 0:00:02]} Kb6 {[%emt 0:00:00]} 35. Nd6 {[%emt 0:00:01]} Kc7 {[%emt 0:00:01]} 36. Nxf7 {[%emt 0:00:01]} Kd7 {[%emt 0:00:00]} 37. Nd6 {[%emt 0:00:01]} Ke6 {[%emt 0:00:01]} 38. Ne4 {[%emt 0:00:01]} Bh4 {[%emt 0:00:02]} 39. Kd4 {[%emt 0:00:02]} Be7 {[%emt 0:00:01]} 40. f5+ {[%emt 0:00:01]} Kd7 {[%emt 0:00:02]} 41. Kd5 {[%emt 0:00:00]} a5 {[%emt 0:00:01]} 42. Nc5+ {[%emt 0:00:03]} Kc7 {[%emt 0:00:01]} 43. Ne6+ {[%emt 0:00:01]} Kd7 {[%emt 0:00:02]} 44. Nxg7 {[%emt 0:00:00]} a4 {[%emt 0:00:01]} 45. f6 {[%emt 0:00:00]} Bf8 {[%emt 0:00:01]} 46. Nf5 {[%emt 0:00:00]} Ke8 {[%emt 0:00:02]} 47. e6 {[%emt 0:00:01]} a3 {[%emt 0:00:02]} 0-1